Tapping panel dryness of Hevea brasiliensis: An overview (Record no. 52312)

MARC details
000 -LEADER
fixed length control field 00539nam a2200157Ia 4500
100 ## - MAIN ENTRY--AUTHOR NAME
Personal name Mathew Jacob
245 #0 - TITLE STATEMENT
Title Tapping panel dryness of Hevea brasiliensis: An overview
260 ## - PUBLICATION, DISTRIBUTION, ETC. (IMPRINT)
Name of publisher 5th International Conference on Plant Pathology in the Globalized Era, 10-13 November 2009, New Delhi, India, pp. 150.
Year of publication 2009
650 ## - SUBJECT ADDED ENTRY--TOPICAL TERM
Topical Term Hevea brasiliensis
650 ## - SUBJECT ADDED ENTRY--TOPICAL TERM
Topical Term Tapping panel dryness
700 ## - ADDED ENTRY--PERSONAL NAME
Personal name Abraham Thomson
700 ## - ADDED ENTRY--PERSONAL NAME
Personal name Malathi V.G.
700 ## - ADDED ENTRY--PERSONAL NAME
Personal name Ramachandran Padma
942 ## - ADDED ENTRY ELEMENTS (KOHA)
Koha item type Bibliography STAF
Holdings
Withdrawn status Lost status Damaged status Not for loan Home library Current library Date acquired Koha item type
      Bibliography RRII Library RRII Library 26/11/2009 Bibliography STAF